<?xml version="1.0" encoding="UTF-8"?>
<marc:record xmlns:marc="http://www.loc.gov/MARC21/slim">
   <marc:leader>00000nam a2200000 a 4500</marc:leader>
   <marc:datafield ind1="1" ind2=" " tag="100">
      <marc:subfield code="a">Kruppa, Hans</marc:subfield>
      <marc:subfield code="4">aut</marc:subfield>
      <marc:subfield code="e">Verfasser/-in</marc:subfield>
   </marc:datafield>
   <marc:datafield ind1="1" ind2=" " tag="100">
      <marc:subfield code="a">Ducloux, Catherine</marc:subfield>
      <marc:subfield code="4">art</marc:subfield>
      <marc:subfield code="e">Künstler/-in</marc:subfield>
   </marc:datafield>
   <marc:datafield ind1=" " ind2=" " tag="653">
      <marc:subfield code="a">Erzählende Literatur</marc:subfield>
   </marc:datafield>
   <marc:datafield ind1="0" ind2="0" tag="245">
      <marc:subfield code="a">Das Geschenk der Sterne</marc:subfield>
   </marc:datafield>
   <marc:datafield ind1="0" ind2="0" tag="245">
      <marc:subfield code="b">Roman</marc:subfield>
   </marc:datafield>
   <marc:datafield ind1="0" ind2="0" tag="245">
      <marc:subfield code="c">Hans Kruppa ; mit Illustrationen von Catherine Ducloux</marc:subfield>
   </marc:datafield>
   <marc:datafield ind1=" " ind2="1" tag="264">
      <marc:subfield code="a">München</marc:subfield>
      <marc:subfield code="b">dtv</marc:subfield>
      <marc:subfield code="c">2018</marc:subfield>
   </marc:datafield>
   <marc:datafield ind1="1" ind2=" " tag="520">
      <marc:subfield code="a">Angaben aus der Verlagsmeldung

Das Geschenk der Sterne : Roman Kruppa,Geschenk der Sterne / von Hans Kruppa

Inspiration ist das größte Geschenk

Seit jeher ist der Weise Tschuang Tse dem Prinzen Yan ein Dorn im Auge, erscheinen ihm die Reden des großen Philosophen doch höchst gefährlich. Yan beauftragt seinen Soldaten Min Teng, den Philosophen umzubringen. Doch der Soldat ist überrascht, dass der alte Mann keine Angst vor dem Sterben hat. Es entspinnt sich ein tiefes Gespräch zwischen den beiden, und Min Teng kommen Zweifel an seinem Auftrag. Da er aber nicht unverrichteter Dinge im Palast erscheinen kann, entschließen sich die zwei Männer zur Flucht. Unterwegs wächst Min Tengs Erkenntnis – und er öffnet sich für die Liebe zu einer jungen Frau.

</marc:subfield>
   </marc:datafield>
   <marc:datafield ind1=" " ind2=" " tag="020">
      <marc:subfield code="a">9783423217613</marc:subfield>
      <marc:subfield code="9">9783423217613</marc:subfield>
   </marc:datafield>
   <marc:datafield ind1=" " ind2=" " tag="020">
      <marc:subfield code="a">3423217618</marc:subfield>
      <marc:subfield code="9">3423217618</marc:subfield>
   </marc:datafield>
   <marc:datafield ind1=" " ind2=" " tag="041">
      <marc:subfield code="a">ger</marc:subfield>
   </marc:datafield>
   <marc:datafield ind1=" " ind2=" " tag="300">
      <marc:subfield code="a">281 Seiten</marc:subfield>
   </marc:datafield>
</marc:record>
